একটি ফুলকে বাঁচাবো বলে / (Record no. 104996)
[ view plain ]
| 000 -LEADER | |
|---|---|
| fixed length control field | 00886nam a22002057a 4500 |
| 003 - CONTROL NUMBER IDENTIFIER | |
| control field | BD-DhUL |
| 005 - DATE AND TIME OF LATEST TRANSACTION | |
| control field | 20220224110023.0 |
| 008 - FIXED-LENGTH DATA ELEMENTS--GENERAL INFORMATION | |
| fixed length control field | 160919s1983 bg ||||| b||| 000 0 ben d |
| 040 ## - CATALOGING SOURCE | |
| Original cataloging agency | BD-DhUL |
| Transcribing agency | BD-DhUL |
| 082 ## - DEWEY DECIMAL CLASSIFICATION NUMBER | |
| Classification number | 954.92 |
| Item number | RAE |
| 100 0# - MAIN ENTRY--PERSONAL NAME | |
| Personal name | রফিকুল ইসলাম। |
| 245 00 - TITLE STATEMENT | |
| Title | একটি ফুলকে বাঁচাবো বলে / |
| Statement of responsibility, etc. | রফিকুল ইসলাম। |
| 260 ## - PUBLICATION, DISTRIBUTION, ETC. (IMPRINT) | |
| Place of publication, distribution, etc. | ঢাকা : |
| Name of publisher, distributor, etc. | ইউনির্ভাসিটি প্রেস, |
| Date of publication, distribution, etc. | ১৯৮৩ (১৯৮৮ মুদ্রণ)। |
| 300 ## - PHYSICAL DESCRIPTION | |
| Extent | [১২], ২২৬ পৃ. : |
| Other physical details | চিত্র, মানচিত্র ; |
| Dimensions | ২২ সেমি. |
| 365 ## - TRADE PRICE | |
| Price type code | BDT |
| Price amount | 35.00 |
| 504 ## - BIBLIOGRAPHY, ETC. NOTE | |
| Bibliography, etc | গ্রন্থপঞ্জি : পৃ. ২১৭-২২০ |
| 651 #4 - SUBJECT ADDED ENTRY--GEOGRAPHIC NAME | |
| Geographic name | বাংলাদেশ |
| General subdivision | ইতিহাস |
| 651 #4 - SUBJECT ADDED ENTRY--GEOGRAPHIC NAME | |
| Geographic name | Bangladesh |
| General subdivision | History |
| 942 ## - ADDED ENTRY ELEMENTS (KOHA) | |
| Source of classification or shelving scheme | |
| Koha item type | Books |
| Price effective from | Date last seen | Permanent Location | Not for loan | Date acquired | Source of classification or shelving scheme | Koha item type | Lost status | Withdrawn status | Copy number | Source of acquisition | Collection code | Damaged status | Shelving location | Barcode | Current Location | Full call number |
|---|---|---|---|---|---|---|---|---|---|---|---|---|---|---|---|---|
| 2016-01-13 | 2016-01-13 | Dhaka University Library | Not For Loan | 1991-06-20 | Books | 7 | Purchased | Non Fiction | Liberation War Collection | 334369 | Dhaka University Library | 954.92 RAE | ||||
| 2016-01-17 | 2016-01-17 | Dhaka University Library | Not For Loan | 2016-01-17 | Books | 6 | Purchesed | Non Fiction | Liberation War Collection | 334368 | Dhaka University Library | 954.92 RAE | ||||
| 2016-09-19 | 2016-09-19 | Dhaka University Library | 2016-09-19 | Books | 4 | Purchased | Non Fiction | General Stacks | A258774 | Dhaka University Library | 954.92 RAE | |||||
| 2016-09-19 | 2016-09-19 | Dhaka University Library | 2016-09-19 | Books | 5 | Purchased | Non Fiction | General Stacks | A258775 | Dhaka University Library | 954.92 RAE | |||||
| 2016-09-19 | 2016-09-19 | Dhaka University Library | 2016-09-19 | Books | 2 | Purchased | Non Fiction | General Stacks | A258772 | Dhaka University Library | 954.92 RAE | |||||
| 2021-12-20 | 2021-12-20 | Dhaka University Library | 2021-12-20 | Books | 8 | Gift | Non Fiction | General Stacks | 510211 | Dhaka University Library | 954.92 RAE |
